Collectanea decisionum, omnes fere casus in tribunalibus Italiae, praesertim Sacri Concilii Neap. Hispaniae, Galliae, Germaniae, & Poloniae decisos, ac controversos complectens: in qua sub diversis utriusque iuris sedibus, locis S. Concil. Trid. Bullis Pontificiis, Regulis Cancellariae Apostolicae, constitutionibus, pragmaticis, consuetudinibus, capitulisq[ue] Regni Neap. breviter collocantur. Opus iudicibus, causarum patronis, ac omnibus in foro, tam ecclesiastico quàm seculari versantibus, maximè necessarium

Detalles Bibliográficos
Autor principal: Riccio, Giovanni Luigi ob. m. 1643
Formato: Libro
Lenguaje:Latin
Publicado: Coloniae Allobrogum 1620
Materias:
Colección:Banco de datos
Acervo:Biblioteca Pública Central del Estado de Durango. Lic. José Ignacio Gallegos Caballero. Colección José Fernando Ramírez
Descripción Física:4 t. en 1 v. 4°
Tema general:Derecho civil
Notas:Portada a dos tintas con pleca y viñeta en grabado xilográfico. Texto a dos columnas. Encuadernación en pergamino sobre cartón. Ex libris manuscrito en la portada: "Dor Loro morany". Sello en tinta de José Fernando Ramírez. Sello en tinta de la Biblioteca Pública del Estado de Durango
LEADER 01514nam a22001810004500
035 |a 739 
041 0 |a lat 
100 1 |a Riccio, Giovanni Luigi  |c ob.  |d m. 1643 
245 1 0 |a Collectanea decisionum, omnes fere casus in tribunalibus Italiae, praesertim Sacri Concilii Neap. Hispaniae, Galliae, Germaniae, & Poloniae decisos, ac controversos complectens: in qua sub diversis utriusque iuris sedibus, locis S. Concil. Trid. Bullis Pontificiis, Regulis Cancellariae Apostolicae, constitutionibus, pragmaticis, consuetudinibus, capitulisq[ue] Regni Neap. breviter collocantur. Opus iudicibus, causarum patronis, ac omnibus in foro, tam ecclesiastico quàm seculari versantibus, maximè necessarium  |c authore Io. Aloysio Riccio viro patritio neap. ac. eiusdem urbis eccles. canonico 
260 |a Coloniae Allobrogum  |b apud Philippum Albert  |c 1620 
300 |a 4 t. en 1 v.   |c 4° 
500 |a Portada a dos tintas con pleca y viñeta en grabado xilográfico. Texto a dos columnas. Encuadernación en pergamino sobre cartón. Ex libris manuscrito en la portada: "Dor Loro morany". Sello en tinta de José Fernando Ramírez. Sello en tinta de la Biblioteca Pública del Estado de Durango 
504 |a Índice de materias, lugares y catálogo de autores 
650 1 0 |a Derecho civil 
949 |a CR. t. 1 (1546); t. 2 (1546); t. 3 (1546); t. 4 (1546) 
942 |c DURANRAM 
943 |g Biblioteca Pública Central del Estado de Durango. Lic. José Ignacio Gallegos Caballero. Colección José Fernando Ramírez 
999 |c 1077669  |d 1077669